[Event "1st 4NCL Easter Congress"]
[Site "Stevenage"]
[Date "2019.04.19"]
[Round "1"]
[Board "1"]
[White "Hughes, Peter"]
[Black "Cox, David A"]
[Result "0-1"]
[WhiteElo "1820"]
[BlackElo "1967"]
[PlyCount "0"]
[EventDate "2019.04.19"]
[EventRounds "7"]
[EventCountry "ENG"]

1. d4 {[%clk 01:30:56]} {[%emt 00:01:13]} g6 {[%clk 01:30:56]} 2. c4 {[%clk
01:31:07]} Bg7 {[%clk 01:31:19]} 3. Nc3 {[%clk 01:31:31]} d6 {[%clk 01:31:44]}
4. e4 {[%clk 01:31:34]} e5 {[%clk 01:31:26]} 5. dxe5 {[%clk 01:31:14]} Bxe5
{[%clk 01:31:38]} 6. Bd2 {[%clk 01:29:31]} Nc6 {[%clk 01:30:55]} 7. Nf3 {[%clk
01:25:32]} Bg7 {[%clk 01:30:40]} 8. Be2 {[%clk 01:23:49]} Nf6 {[%clk 01:30:47]}
9. O-O {[%clk 01:21:57]} O-O {[%clk 01:30:57]} 10. h3 {[%clk 01:14:43]} Re8
{[%clk 01:27:47]} 11. Bd3 {[%clk 01:13:09]} Nd7 {[%clk 01:25:20]} 12. Re1
{[%clk 01:09:11]} Nc5 {[%clk 01:25:06]} 13. Bg5 {[%clk 00:56:17]} f6 {[%clk
01:08:53]} 14. Be3 {[%clk 00:56:36]} b6 {[%clk 01:00:03]} 15. Bf1 {[%clk
00:50:33]} Be6 {[%clk 00:56:45]} 16. Nd4 {[%clk 00:48:05]} Bd7 {[%clk
00:53:18]} 17. f3 {[%clk 00:38:23]} Ne6 {[%clk 00:49:26]} 18. Nxe6 {[%clk
00:37:17]} Bxe6 {[%clk 00:49:41]} 19. Qd2 {[%clk 00:36:58]} Ne5 {[%clk
00:48:59]} 20. b3 {[%clk 00:32:13]} f5 {[%clk 00:45:19]} 21. exf5 {[%clk
00:25:00]} Bxf5 {[%clk 00:45:34]} 22. Bg5 {[%clk 00:21:00]} Qd7 {[%clk
00:42:51]} 23. Nd5 {[%clk 00:18:42]} Qf7 {[%clk 00:37:18]} 24. Rad1 {[%clk
00:16:05]} Bxh3 {[%clk 00:20:37]} 25. f4 {[%clk 00:08:29]} Bg4 {[%clk
00:19:53]} 26. fxe5 {[%clk 00:07:21]} Bxd1 {[%clk 00:19:47]} 27. Qxd1 {[%clk
00:05:15]} Bxe5 {[%clk 00:19:20]} 28. Bd3 {[%clk 00:03:11]} Re6 {[%clk
00:12:40]} 29. Rf1 {[%clk 00:02:41]} Qg7 {[%clk 00:12:47]} 30. Qf3 {[%clk
00:01:35]} Bd4+ {[%clk 00:10:41]} 31. Kh1 {[%clk 00:01:55]} Rae8 {[%clk
00:09:14]} 32. Bf6 {[%clk 00:00:00]} Qh6+ {[%clk 00:09:31]}  0-1

[Event "1st 4NCL Easter Congress"]
[Site "Stevenage"]
[Date "2019.04.19"]
[Round "1"]
[Board "2"]
[White "De Coverly, Roger D"]
[Black "Jacob, Sydney J"]
[Result "1-0"]
[WhiteElo "1953"]
[BlackElo "1820"]
[PlyCount "0"]
[EventDate "2019.04.19"]
[EventRounds "7"]
[EventCountry "ENG"]

1. e4 {[%clk 01:30:42]} {[%emt 00:00:56]} e6 {[%clk 01:30:42]} 2. d4 {[%clk
01:30:55]} d5 {[%clk 01:30:56]} 3. exd5 {[%clk 01:31:20]} exd5 {[%clk
01:30:57]} 4. c4 {[%clk 01:31:44]} Nf6 {[%clk 01:28:20]} 5. Nc3 {[%clk
01:32:00]} c6 {[%clk 01:26:21]} 6. Nf3 {[%clk 01:31:55]} Be7 {[%clk 01:23:09]}
7. Be2 {[%clk 01:32:03]} O-O {[%clk 01:21:57]} 8. O-O {[%clk 01:32:25]} dxc4
{[%clk 01:20:44]} 9. Bxc4 {[%clk 01:32:47]} Nbd7 {[%clk 01:20:08]} 10. Qd3
{[%clk 01:30:51]} b5 {[%clk 01:15:20]} 11. Bb3 {[%clk 01:30:31]} Nc5 {[%clk
01:14:39]} 12. Qe2 {[%clk 01:28:36]} Nxb3 {[%clk 01:13:21]} 13. axb3 {[%clk
01:28:57]} Be6 {[%clk 01:11:04]} 14. Ne5 {[%clk 01:27:23]} Qb6 {[%clk
01:03:29]} 15. Be3 {[%clk 01:21:40]} Nd5 {[%clk 01:00:07]} 16. Nxd5 {[%clk
01:21:46]} Bxd5 {[%clk 00:59:59]} 17. Nd7 {[%clk 01:22:05]} Qc7 {[%clk
00:58:11]} 18. Nxf8 {[%clk 01:22:24]} Rxf8 {[%clk 00:57:41]} 19. Rfc1 {[%clk
01:20:08]} Bd6 {[%clk 00:56:42]} 20. h4 {[%clk 01:12:12]} Bxb3 {[%clk
00:52:35]} 21. d5 {[%clk 01:09:41]} Bxd5 {[%clk 00:51:46]} 22. Rxa7 {[%clk
01:10:00]} Qd8 {[%clk 00:49:33]} 23. Bg5 {[%clk 01:08:20]} f6 {[%clk 00:49:02]}
24. Bd2 {[%clk 01:08:00]} Bb8 {[%clk 00:47:54]} 25. Ra3 {[%clk 01:04:48]} Bd6
{[%clk 00:45:55]} 26. Raa1 {[%clk 01:01:18]} Re8 {[%clk 00:44:04]} 27. Qf1
{[%clk 00:50:38]} Be4 {[%clk 00:42:19]} 28. Ba5 {[%clk 00:48:45]} Qd7 {[%clk
00:38:30]} 29. Rd1 {[%clk 00:46:35]} Qe6 {[%clk 00:36:51]} 30. Re1 {[%clk
00:42:08]} Qe5 {[%clk 00:34:06]} 31. g3 {[%clk 00:36:47]} Qxb2 {[%clk
00:31:40]} 32. Re2 {[%clk 00:34:07]} Qd4 {[%clk 00:27:21]} 33. Rd1 {[%clk
00:31:12]} Qc5 {[%clk 00:27:22]} 34. Bd2 {[%clk 00:24:21]} Bf8 {[%clk
00:23:25]} 35. Qe1 {[%clk 00:22:32]} Qf5 {[%clk 00:21:12]} 36. Bf4 {[%clk
00:16:13]} g5 {[%clk 00:20:31]} 37. hxg5 {[%clk 00:15:39]} fxg5 {[%clk
00:20:52]} 38. Rd4 {[%clk 00:13:50]} gxf4 {[%clk 00:15:01]} 39. Rdxe4 {[%clk
00:14:08]} Rxe4 {[%clk 00:14:56]} 40. Rxe4 {[%clk 00:14:31]} fxg3 {[%clk
00:14:19]} 41. fxg3 {[%clk 00:14:47]} Bc5+ {[%clk 00:13:01]} 42. Kg2 {[%clk
00:14:57]} b4 {[%clk 00:12:50]} 43. Re5 {[%clk 00:12:54]} Qc2+ {[%clk
00:12:36]} 44. Kh3 {[%clk 00:13:13]} Bf8 {[%clk 00:12:32]} 45. Rg5+ {[%clk
00:12:55]} Kf7 {[%clk 00:12:11]} 46. Qf1+ {[%clk 00:13:07]} Ke8 47. Re5+ {[%clk
00:12:22]} {[%emt 00:00:17]} Be7 {[%clk 00:10:15]} {[%emt 00:02:27]} 48. Qe1
{[%clk 00:12:26]} {[%emt 00:00:26]} b3 {[%clk 00:08:54]} {[%emt 00:01:51]} 49.
Rxe7+ {[%clk 00:12:48]} {[%emt 00:00:08]} Kd8 {[%clk 00:09:22]} {[%emt
00:00:03]} 50. Re8+ {[%clk 00:12:45]} {[%emt 00:00:33]} Kc7 {[%clk 00:09:48]}
{[%emt 00:00:04]} 51. Qa5+ {[%clk 00:12:41]} {[%emt 00:00:34]} Kb7 {[%clk
00:09:12]} {[%emt 00:01:07]} 52. Re7+ {[%clk 00:12:16]}  1-0

[Event "1st 4NCL Easter Congress"]
[Site "Stevenage"]
[Date "2019.04.19"]
[Round "1"]
[Board "3"]
[White "Gogia, Armaan"]
[Black "Nelson, Omowale A"]
[Result "0-1"]
[WhiteElo "1816"]
[BlackElo "1953"]
[PlyCount "0"]
[EventDate "2019.04.19"]
[EventRounds "7"]
[EventCountry "ENG"]

1. e4 {[%clk 01:30:58]} {[%emt 00:00:15]} c6 {[%clk 01:19:24]} 2. d4 {[%clk
01:31:15]} d5 {[%clk 01:19:47]} 3. exd5 {[%clk 01:31:27]} cxd5 {[%clk
01:20:14]} 4. c4 {[%clk 01:31:50]} Nf6 {[%clk 01:20:40]} 5. Nc3 {[%clk
01:32:09]} e6 {[%clk 01:20:43]} 6. Nf3 {[%clk 01:32:28]} Bb4 {[%clk 01:20:59]}
7. cxd5 {[%clk 01:32:44]} Nxd5 {[%clk 01:21:20]} 8. Bd2 {[%clk 01:33:11]} Be7
{[%clk 01:19:39]} 9. Bd3 {[%clk 01:33:33]} O-O {[%clk 01:20:02]} 10. O-O {[%clk
01:32:13]} Nc6 {[%clk 01:20:19]} 11. Qe2 {[%clk 01:29:57]} Ndb4 {[%clk
01:16:16]} 12. Bb1 {[%clk 01:23:00]} Bf6 {[%clk 01:01:53]} 13. a3 {[%clk
01:14:42]} Nd5 {[%clk 01:01:53]} 14. Qd3 {[%clk 01:13:41]} g6 {[%clk 01:01:41]}
15. Bh6 {[%clk 01:12:05]} Re8 {[%clk 00:57:51]} 16. Ne4 {[%clk 01:09:32]} Bg7
{[%clk 00:54:00]} 17. Bxg7 {[%clk 01:05:33]} Kxg7 {[%clk 00:54:24]} 18. Ne5
{[%clk 01:06:01]} Nde7 {[%clk 00:47:02]} 19. Rd1 {[%clk 01:01:45]} f5 {[%clk
00:39:30]} 20. Nc3 {[%clk 00:56:52]} Nxe5 {[%clk 00:32:09]} 21. dxe5 {[%clk
00:57:09]} Qxd3 {[%clk 00:32:33]} 22. Bxd3 {[%clk 00:55:33]} Nc6 {[%clk
00:31:53]} 23. Nb5 {[%clk 00:54:06]} Rd8 {[%clk 00:30:05]} 24. f4 {[%clk
00:52:05]} g5 {[%clk 00:27:20]} 25. g3 {[%clk 00:49:14]} Kf7 {[%clk 00:22:07]}
26. Bc4 {[%clk 00:46:03]} h6 {[%clk 00:18:40]} 27. Rxd8 {[%clk 00:40:47]} Nxd8
{[%clk 00:19:06]} 28. Rd1 {[%clk 00:41:12]} Ke7 29. Kf2 {[%clk 00:30:41]} a6
{[%clk 00:15:14]} 30. Nc7 {[%clk 00:29:30]} Rb8 {[%clk 00:15:12]} 31. Rd6
{[%clk 00:27:39]} Bd7 {[%clk 00:13:14]} 32. g4 {[%clk 00:16:34]} Rc8 {[%clk
00:11:07]} 33. fxg5 {[%clk 00:10:29]} hxg5 {[%clk 00:10:47]} 34. gxf5 {[%clk
00:08:12]} Rxc7 {[%clk 00:11:01]} 35. f6+ {[%clk 00:07:39]} Ke8 {[%clk
00:10:54]} 36. Bd3 {[%clk 00:07:38]} Nc6 {[%clk 00:09:57]} 37. Kg3 {[%clk
00:04:50]} Nxe5 {[%clk 00:09:54]} {[%emt 00:00:17]} 38. Be4 {[%clk 00:05:11]}
{[%emt 00:00:09]} Kf7 {[%clk 00:10:05]} {[%emt 00:00:19]}  0-1

[Event "1st 4NCL Easter Congress"]
[Site "Stevenage"]
[Date "2019.04.19"]
[Round "1"]
[Board "4"]
[White "Gibbs, Dominic V"]
[Black "Neatherway, A Philip"]
[Result "0-1"]
[WhiteElo "1946"]
[BlackElo "1793"]
[PlyCount "0"]
[EventDate "2019.04.19"]
[EventRounds "7"]
[EventCountry "ENG"]

1. e4 {[%clk 01:30:56]} {[%emt 00:00:02]} e6 {[%clk 01:30:52]} {[%emt
00:00:09]} 2. d4 {[%clk 01:31:20]} {[%emt 00:00:06]} d5 {[%clk 01:31:18]}
{[%emt 00:00:04]} 3. Nd2 {[%clk 01:31:44]} {[%emt 00:00:06]} Nf6 {[%clk
01:31:42]} {[%emt 00:00:06]} 4. e5 {[%clk 01:32:08]} {[%emt 00:00:06]} Nfd7
{[%clk 01:32:08]} {[%emt 00:00:04]} 5. Ngf3 {[%clk 01:32:28]} {[%emt 00:00:10]}
c5 {[%clk 01:32:20]} {[%emt 00:00:18]} 6. c3 {[%clk 01:32:49]} {[%emt
00:00:09]} Nc6 {[%clk 01:32:41]} {[%emt 00:00:09]} 7. Bd3 {[%clk 01:33:13]}
{[%emt 00:00:06]} cxd4 {[%clk 01:31:27]} {[%emt 00:01:45]} 8. cxd4 {[%clk
01:33:34]} {[%emt 00:00:09]} Qb6 {[%clk 01:31:51]} {[%emt 00:00:06]} 9. O-O
{[%clk 01:33:51]} {[%emt 00:00:11]} Nxd4 {[%clk 01:31:14]} {[%emt 00:01:08]} 10.
Nxd4 {[%clk 01:34:14]} {[%emt 00:00:07]} Qxd4 {[%clk 01:31:41]} {[%emt
00:00:04]} 11. Nf3 {[%clk 01:34:34]} {[%emt 00:00:09]} Qb6 {[%clk 01:32:01]}
{[%emt 00:00:10]} 12. Qa4 {[%clk 01:34:52]} {[%emt 00:00:12]} Qb4 {[%clk
01:27:38]} {[%emt 00:04:54]} 13. Qc2 {[%clk 01:35:05]} {[%emt 00:00:17]} Nc5
{[%clk 01:22:15]} {[%emt 00:05:53]} 14. Bd2 {[%clk 01:34:37]} {[%emt 00:00:57]}
Qg4 {[%clk 01:19:54]} {[%emt 00:02:51]} 15. h3 {[%clk 01:28:46]} {[%emt
00:06:21]} Qh5 {[%clk 01:16:34]} {[%emt 00:03:50]} 16. Bb5+ {[%clk 01:26:29]}
{[%emt 00:02:47]} Bd7 {[%clk 01:12:41]} {[%emt 00:04:24]} 17. Bxd7+ {[%clk
01:25:48]} {[%emt 00:01:10]} Nxd7 {[%clk 01:12:54]} {[%emt 00:00:17]} 18. Qc7
{[%clk 01:24:53]} {[%emt 00:01:25]} Bc5 {[%clk 01:07:54]} {[%emt 00:05:31]} 19.
Qxb7 {[%clk 01:18:30]} {[%emt 00:06:52]} Rb8 {[%clk 01:03:18]} {[%emt
00:05:07]} 20. Qc6 {[%clk 01:09:55]} {[%emt 00:09:04]} Ke7 {[%clk 01:01:13]}
{[%emt 00:02:35]} 21. Bg5+ {[%clk 00:51:48]} {[%emt 00:18:37]} f6 {[%clk
01:01:37]} {[%emt 00:00:07]} 22. exf6+ {[%clk 00:52:04]} {[%emt 00:00:14]} gxf6
{[%clk 01:01:58]} {[%emt 00:00:09]} 23. Bxf6+ {[%clk 00:50:35]} {[%emt
00:01:58]} Kxf6 {[%clk 00:57:39]} {[%emt 00:04:50]} 24. Qxd7 {[%clk 00:46:49]}
{[%emt 00:04:16]} Rhd8 {[%clk 00:55:20]} {[%emt 00:02:49]} 25. Qc7 {[%clk
00:44:07]} {[%emt 00:03:11]} Bd6 {[%clk 00:44:53]} {[%emt 00:10:58]} 26. Qc3+
{[%clk 00:41:36]} {[%emt 00:03:01]} Kf7 {[%clk 00:44:37]} {[%emt 00:00:46]} 27.
Qe3 {[%clk 00:36:50]} {[%emt 00:05:15]} Rg8 {[%clk 00:33:54]} {[%emt 00:11:14]}
28. Rae1 {[%clk 00:27:21]} {[%emt 00:09:59]} Rg6 {[%clk 00:21:06]} {[%emt
00:13:17]} 29. Qxa7+ {[%clk 00:21:02]} {[%emt 00:06:51]} Kg8 {[%clk 00:16:23]}
{[%emt 00:05:13]} 30. Qe3 {[%clk 00:12:49]} {[%emt 00:08:42]} Qxh3 {[%clk
00:11:48]} {[%emt 00:05:05]} 31. g3 {[%clk 00:12:19]} {[%emt 00:01:00]} Bxg3
{[%clk 00:11:22]} {[%emt 00:00:56]} 32. Qd3 {[%clk 00:11:13]} {[%emt 00:01:36]}
Bh2+ {[%clk 00:10:26]} {[%emt 00:01:26]}  0-1

[Event "1st 4NCL Easter Congress"]
[Site "Stevenage"]
[Date "2019.04.19"]
[Round "1"]
[Board "5"]
[White "Somton, Anita"]
[Black "Ai, Farshad"]
[Result "0-1"]
[WhiteElo "1780"]
[BlackElo "1945"]
[PlyCount "0"]
[EventDate "2019.04.19"]
[EventRounds "7"]
[EventCountry "ENG"]

1. d4 {[%clk 01:30:52]} {[%emt 00:00:07]} d5 {[%clk 01:30:22]} {[%emt
00:00:38]} 2. Nf3 {[%clk 01:31:07]} {[%emt 00:00:15]} Nf6 {[%clk 01:30:02]}
{[%emt 00:00:49]} 3. c4 {[%clk 01:31:17]} {[%emt 00:00:20]} c6 {[%clk
01:30:11]} {[%emt 00:00:21]} 4. Qc2 {[%clk 01:30:43]} {[%emt 00:01:05]} g6
{[%clk 01:29:15]} {[%emt 00:01:24]} 5. e3 {[%clk 01:29:43]} {[%emt 00:01:32]}
Bg7 {[%clk 01:29:23]} {[%emt 00:00:21]} 6. Bd3 {[%clk 01:29:14]} {[%emt
00:01:00]} O-O {[%clk 01:29:04]} {[%emt 00:00:48]} 7. Nbd2 {[%clk 01:28:35]}
{[%emt 00:01:10]} Nbd7 {[%clk 01:25:06]} {[%emt 00:04:27]} 8. O-O {[%clk
01:27:29]} {[%emt 00:01:37]} Re8 {[%clk 01:23:40]} {[%emt 00:01:56]} 9. b3
{[%clk 01:25:03]} {[%emt 00:02:55]} e5 {[%clk 01:22:50]} {[%emt 00:01:20]} 10.
dxe5 {[%clk 01:22:31]} {[%emt 00:03:02]} Nxe5 {[%clk 01:20:03]} {[%emt
00:03:17]} 11. Nxe5 {[%clk 01:22:25]} {[%emt 00:00:36]} Rxe5 {[%clk 01:20:16]}
{[%emt 00:00:16]} 12. Bb2 {[%clk 01:21:54]} {[%emt 00:01:02]} Rh5 {[%clk
01:17:48]} {[%emt 00:02:58]} 13. Nf3 {[%clk 01:18:32]} {[%emt 00:03:52]} Qd6
{[%clk 01:15:39]} {[%emt 00:02:34]} 14. c5 {[%clk 01:15:09]} {[%emt 00:03:59]}
Qc7 {[%clk 01:14:39]} {[%emt 00:01:28]} 15. Be5 {[%clk 01:06:11]} {[%emt
00:09:30]} Rxe5 {[%clk 01:14:41]} {[%emt 00:00:28]} 16. Nxe5 {[%clk 01:06:34]}
{[%emt 00:00:07]} Qxe5 {[%clk 01:15:07]} {[%emt 00:00:03]} 17. Rae1 {[%clk
01:05:48]} {[%emt 00:01:16]} Qg5 {[%clk 01:12:42]} {[%emt 00:02:52]} 18. f4
{[%clk 01:03:41]} {[%emt 00:02:40]} Qh4 {[%clk 01:08:32]} {[%emt 00:04:39]} 19.
Re2 {[%clk 00:57:37]} {[%emt 00:06:36]} Bd7 {[%clk 01:01:20]} {[%emt 00:07:40]}
20. f5 {[%clk 00:53:28]} {[%emt 00:04:41]} g5 {[%clk 00:49:43]} {[%emt
00:12:06]} 21. Rf3 {[%clk 00:46:51]} {[%emt 00:07:06]} Re8 {[%clk 00:46:11]}
{[%emt 00:04:03]} 22. Rh3 {[%clk 00:38:57]} {[%emt 00:08:24]} Qb4 {[%clk
00:46:08]} {[%emt 00:00:28]} 23. Rg3 {[%clk 00:36:50]} {[%emt 00:02:43]} h6
{[%clk 00:46:05]} {[%emt 00:00:32]} 24. Qc1 {[%clk 00:34:32]} {[%emt 00:02:49]}
Ne4 {[%clk 00:40:14]} {[%emt 00:06:21]} 25. Rf3 {[%clk 00:31:32]} {[%emt
00:03:30]} Qxc5 {[%clk 00:39:33]} {[%emt 00:01:09]} 26. Rc2 {[%clk 00:30:42]}
{[%emt 00:01:21]} Qe7 {[%clk 00:39:30]} {[%emt 00:00:31]} 27. Bxe4 {[%clk
00:29:30]} {[%emt 00:01:45]} Qxe4 {[%clk 00:37:49]} {[%emt 00:02:10]} 28. f6
{[%clk 00:27:49]} {[%emt 00:02:13]} Bf8 {[%clk 00:37:38]} {[%emt 00:00:39]} 29.
Rd2 {[%clk 00:26:37]} {[%emt 00:01:43]} Re5 {[%clk 00:30:54]} {[%emt 00:07:13]}
30. Rd4 {[%clk 00:24:41]} {[%emt 00:02:27]} Qg6 {[%clk 00:30:42]} {[%emt
00:00:39]} 31. b4 {[%clk 00:21:13]} {[%emt 00:04:01]} a6 {[%clk 00:29:08]}
{[%emt 00:02:04]} 32. h3 {[%clk 00:18:58]} {[%emt 00:02:44]} Rf5 {[%clk
00:29:04]} {[%emt 00:00:33]} 33. Rxf5 {[%clk 00:18:42]} {[%emt 00:00:47]} Bxf5
{[%clk 00:28:02]} {[%emt 00:01:32]} 34. Qf1 {[%clk 00:18:39]} {[%emt 00:00:33]}
Be4 {[%clk 00:27:19]} {[%emt 00:01:11]} 35. a3 {[%clk 00:17:55]} {[%emt
00:01:15]} Qf5 {[%clk 00:27:21]} {[%emt 00:00:25]} 36. Qxf5 {[%clk 00:17:05]}
{[%emt 00:01:23]} Bxf5 {[%clk 00:27:45]} {[%emt 00:00:06]} 37. g4 {[%clk
00:17:25]} {[%emt 00:00:11]} Be4 {[%clk 00:28:04]} {[%emt 00:00:10]} 38. Rd2
{[%clk 00:17:17]} {[%emt 00:00:38]} Kh7 {[%clk 00:28:04]} {[%emt 00:00:30]} 39.
Rf2 {[%clk 00:16:02]} {[%emt 00:01:46]} Kg6 {[%clk 00:28:18]} {[%emt 00:00:15]}
40. Kf1 {[%clk 00:16:17]} {[%emt 00:00:16]} Bd6 {[%clk 00:28:38]} {[%emt
00:00:09]}  0-1

[Event "1st 4NCL Easter Congress"]
[Site "Stevenage"]
[Date "2019.04.19"]
[Round "1"]
[Board "6"]
[White "Burrows, Nick"]
[Black "Procter, Colin S"]
[Result "1-0"]
[WhiteElo "1932"]
[BlackElo "1776"]
[PlyCount "0"]
[EventDate "2019.04.19"]
[EventRounds "7"]
[EventCountry "ENG"]

1. c4 {[%clk 01:30:41]} {[%emt 00:00:18]} c6 {[%clk 01:30:28]} {[%emt
00:00:31]} 2. Nf3 {[%clk 01:30:35]} {[%emt 00:00:38]} d5 {[%clk 01:30:31]}
{[%emt 00:00:25]} 3. e3 {[%clk 01:30:51]} {[%emt 00:00:16]} Nf6 {[%clk
01:30:10]} {[%emt 00:00:49]} 4. Nc3 {[%clk 01:31:14]} {[%emt 00:00:09]} h6
{[%clk 01:27:47]} {[%emt 00:02:52]} 5. Be2 {[%clk 01:30:31]} {[%emt 00:01:14]}
Bf5 {[%clk 01:27:36]} {[%emt 00:00:39]} 6. Qb3 {[%clk 01:30:12]} {[%emt
00:00:52]} Qb6 {[%clk 01:27:13]} {[%emt 00:00:51]} 7. Qxb6 {[%clk 01:29:57]}
{[%emt 00:00:47]} axb6 {[%clk 01:27:18]} {[%emt 00:00:22]} 8. cxd5 {[%clk
01:30:21]} {[%emt 00:00:09]} cxd5 {[%clk 01:26:56]} {[%emt 00:00:45]} 9. d4
{[%clk 01:27:13]} {[%emt 00:03:44]} Nc6 {[%clk 01:24:43]} {[%emt 00:02:42]} 10.
O-O {[%clk 01:21:47]} {[%emt 00:05:58]} e6 {[%clk 01:23:42]} {[%emt 00:01:30]}
11. Nb5 {[%clk 01:17:17]} {[%emt 00:05:02]} Rc8 {[%clk 01:23:05]} {[%emt
00:01:02]} 12. Bd2 {[%clk 01:17:32]} {[%emt 00:00:20]} Be7 {[%clk 01:22:54]}
{[%emt 00:00:40]} 13. Rfc1 {[%clk 01:15:58]} {[%emt 00:02:04]} O-O {[%clk
01:23:07]} {[%emt 00:00:16]} 14. h3 {[%clk 01:12:22]} {[%emt 00:04:07]} Ne4
{[%clk 01:22:46]} {[%emt 00:00:49]} 15. Be1 {[%clk 01:12:19]} {[%emt 00:00:35]}
Nd6 {[%clk 01:20:36]} {[%emt 00:02:40]} 16. a3 {[%clk 01:08:24]} {[%emt
00:04:25]} Nxb5 {[%clk 01:16:46]} {[%emt 00:04:20]} 17. Bxb5 {[%clk 01:08:50]}
{[%emt 00:00:04]} Na5 {[%clk 01:15:55]} {[%emt 00:01:18]} 18. Bd7 {[%clk
00:59:19]} {[%emt 00:10:04]} Rb8 {[%clk 01:05:01]} {[%emt 00:11:23]} 19. Bxa5
{[%clk 00:54:18]} {[%emt 00:05:32]} bxa5 {[%clk 01:05:15]} {[%emt 00:00:14]} 20.
g4 {[%clk 00:49:31]} {[%emt 00:05:18]} Bh7 {[%clk 01:04:42]} {[%emt 00:01:01]}
21. Ne5 {[%clk 00:48:45]} {[%emt 00:01:18]} Bd6 {[%clk 01:04:29]} {[%emt
00:00:42]} 22. Bb5 {[%clk 00:37:42]} {[%emt 00:11:35]} Bxe5 {[%clk 01:04:38]}
{[%emt 00:00:20]} 23. dxe5 {[%clk 00:38:11]} {[%emt 00:00:02]} Rfd8 {[%clk
01:03:36]} {[%emt 00:01:31]} 24. Rc5 {[%clk 00:35:44]} {[%emt 00:02:57]} d4
{[%clk 01:03:39]} {[%emt 00:00:26]} 25. exd4 {[%clk 00:35:57]} {[%emt
00:00:18]} Rxd4 {[%clk 01:03:23]} {[%emt 00:00:43]} 26. Rac1 {[%clk 00:35:01]}
{[%emt 00:01:30]} Be4 {[%clk 01:02:10]} {[%emt 00:01:39]} 27. Rc8+ {[%clk
00:33:10]} {[%emt 00:02:25]} Rxc8 {[%clk 01:02:00]} {[%emt 00:00:40]} 28. Rxc8+
{[%clk 00:33:38]} {[%emt 00:00:02]} Kh7 {[%clk 01:02:15]} {[%emt 00:00:10]} 29.
Rc7 {[%clk 00:31:58]} {[%emt 00:02:14]} Kg6 {[%clk 00:59:43]} {[%emt 00:03:00]}
30. f4 {[%clk 00:25:43]} {[%emt 00:06:48]} Rd2 {[%clk 00:59:12]} {[%emt
00:00:56]} 31. Be8 {[%clk 00:24:45]} {[%emt 00:01:33]} Rxb2 {[%clk 00:55:17]}
{[%emt 00:04:24]} 32. Bxf7+ {[%clk 00:24:38]} {[%emt 00:00:38]} Kh7 {[%clk
00:55:29]} {[%emt 00:00:12]} 33. Bxe6 {[%clk 00:23:43]} {[%emt 00:01:31]} Rg2+
{[%clk 00:55:22]} {[%emt 00:00:30]} 34. Kf1 {[%clk 00:24:02]} {[%emt 00:00:18]}
Rg3 {[%clk 00:55:34]} {[%emt 00:00:14]} 35. f5 {[%clk 00:21:58]} {[%emt
00:02:38]} Rd3 {[%clk 00:41:12]} {[%emt 00:14:50]} 36. f6 {[%clk 00:18:44]}
{[%emt 00:03:47]} Bd5 {[%clk 00:41:12]} {[%emt 00:00:30]} 37. Bf5+ {[%clk
00:15:56]} {[%emt 00:03:18]}  1-0